000
00228nam a2200097Ia 4500
008
190216s9999||||xx |||||||||||||| ||und||
100
_a
Vrindramlal Varma
245
0
_a
Hindi-Jhansi Kirari
260
_b
Satya Prakasan
942
_c
BK
999
_c
17620
_d
17620